00494cam a2200169ua 4500001000500000005001700005008003900022040000900061082001100070245010700081250001300188260005100201300001400252653001500266653001300281700003000294669720260515114106.0140308n ii |||gr||||Z||||||eng cMAIN a657.45 aPrinciples of auditing : ba practical manual for students and practitioners / cBy F.R.M. de Paula .  a13th ed. aLondon:bEnglish language book society,c1966. axxi,425p. aAccounting aAuditing aPaula,F.R.M. de,eAuthor.